<?xml version="1.0" encoding="UTF-8"?>
<record
    xmlns:xsi="http://www.w3.org/2001/XMLSchema-instance"
    xsi:schemaLocation="http://www.loc.gov/MARC21/slim http://www.loc.gov/standards/marcxml/schema/MARC21slim.xsd"
    xmlns="http://www.loc.gov/MARC21/slim">

  <leader>01829nam a2200241Ia 4500</leader>
  <controlfield tag="001">b6463-46449 </controlfield>
  <controlfield tag="003">IT-MiCISF</controlfield>
  <controlfield tag="008">161014s9999||||xx |||||||||||||| ||und||</controlfield>
  <datafield tag="040" ind1=" " ind2=" ">
    <subfield code="a">IT-MiCISF</subfield>
    <subfield code="c">IT-MiCISF</subfield>
  </datafield>
  <datafield tag="041" ind1=" " ind2=" ">
    <subfield code="a">en</subfield>
  </datafield>
  <datafield tag="100" ind1=" " ind2=" ">
    <subfield code="a">Pradelli Samantha (a cura di)</subfield>
  </datafield>
  <datafield tag="240" ind1=" " ind2=" ">
    <subfield code="a">Protocolli di intervento per le demenze</subfield>
  </datafield>
  <datafield tag="245" ind1=" " ind2="0">
    <subfield code="a">Protocolli di intervento per le demenze</subfield>
    <subfield code="b">Terapie farmacologiche e cognitivo-comportamentali per fronteggiare i sintomi del deterioramento</subfield>
  </datafield>
  <datafield tag="250" ind1=" " ind2=" ">
    <subfield code="a">1a ed.</subfield>
  </datafield>
  <datafield tag="260" ind1=" " ind2=" ">
    <subfield code="a"> Milano</subfield>
    <subfield code="b">Franco Angeli</subfield>
    <subfield code="c">2008</subfield>
  </datafield>
  <datafield tag="300" ind1=" " ind2=" ">
    <subfield code="a">pp. 122</subfield>
  </datafield>
  <datafield tag="500" ind1=" " ind2=" ">
    <subfield code="a">Pavan G., De Vreese L.P., Spector A., Thorgrimsen L., Woods B., Orrell M., Faggian S. / anziani, malattie-mentali, cura, terapia, servizi-anziani, esperienze / Il manuale, cui &#xE8; stato dato un taglio squisitamente pratico ed esemplificativo, affronta il tema delle demenze fornendo gli strumenti teorici e tecnici per gestirne e fronteggiarne i sintomi a livello farmacologico e cognitivo-comportamentale. In una prima parte si analizzano quindi i possibili interventi farmacologici specifici per ciascun livello di deterioramento cognitivo attraverso un linguaggio semplice ma particolareggiato. Segue la presentazione di un programma di stimolazione cognitiva di gruppo per demenze lievi-moderate, validato in Inghilterra e attualmente oggetto di sperimentazione anche in Italia. Infine, l'ultimo capitolo propone un protocollo di riattivazione cognitiva per soggetti con deterioramento moderato-severo. I professionisti dell'area gerontologica troveranno qui protocolli di intervento per i quali &#xE8; stata dimostrata l'efficacia attraverso specifica sperimentazione.</subfield>
  </datafield>
  <datafield tag="650" ind1=" " ind2=" ">
    <subfield code="a"> Terza et&#xE0; / terza-et&#xE0;</subfield>
    <subfield code="e">010</subfield>
  </datafield>
  <datafield tag="700" ind1=" " ind2=" ">
    <subfield code="a">Faggian Silvia (a cura di)</subfield>
  </datafield>
  <datafield tag="700" ind1=" " ind2=" ">
    <subfield code="a">Pavan Giorgio (a cura di)</subfield>
  </datafield>
  <datafield tag="942" ind1=" " ind2=" ">
    <subfield code="c">BK</subfield>
  </datafield>
  <datafield tag="957" ind1=" " ind2=" ">
    <subfield code="7">1</subfield>
  </datafield>
  <datafield tag="999" ind1=" " ind2=" ">
    <subfield code="a">46449</subfield>
    <subfield code="b">si</subfield>
    <subfield code="g">1</subfield>
    <subfield code="c">210578</subfield>
    <subfield code="d">210578</subfield>
  </datafield>
  <datafield tag="952" ind1=" " ind2=" ">
    <subfield code="0">0</subfield>
    <subfield code="1">0</subfield>
    <subfield code="4">0</subfield>
    <subfield code="6">B_646346449</subfield>
    <subfield code="7">1</subfield>
    <subfield code="a">CISF</subfield>
    <subfield code="b">CISF</subfield>
    <subfield code="d">2016-10-14</subfield>
    <subfield code="l">0</subfield>
    <subfield code="o">b6463-46449 </subfield>
    <subfield code="r">2016-10-14 00:00:00</subfield>
    <subfield code="w">2016-10-14</subfield>
    <subfield code="y">BK</subfield>
    <subfield code="z">Data import 15.10.2016 / by Epidotti, Vaglietti</subfield>
  </datafield>
</record>
